Statystyki dla Nazwij wszystkie kanały CANAL+ Polska

Kliknij tutaj aby rozwiązać quiz!

Ogólne statystyki

  • Ten quiz został rozwiązany 56 razy
    (47 od ostatniego zresetowania)
  • Średni wynik to 12 z 43

Statystyki odpowiedzi

Odpowiedź% Poprawnych
CANAL+
97%
CANAL+ Sport
69%
CANAL+ Sport 2
58%
CANAL+ Family
56%
CANAL+ Sport 3
53%
CANAL+ Film
50%
CANAL+ Sport 4
47%
Kuchnia+
42%
CANAL+ Seriale
39%
CANAL+ Kuchnia
36%
MiniMini
36%
MiniMini+
36%
CANAL+ 1
33%
CANAL+ Dokument
33%
nSport+
33%
Ale kino!
31%
Ale kino+
31%
CANAL+ Domo
31%
DOMO
31%
Domo+
31%
CANAL+ Premium
28%
Planete
28%
Planete+
28%
CANAL+ Film 2
25%
CANAL+ Family 2
22%
teleTOON+
19%
CANAL+ NOW
17%
CANAL+ 3D
14%
CANAL+ 4K Ultra HD
14%
CANAL+ Discovery
14%
CANAL+ Niebieski
14%
CANAL+ Żółty
14%
Kuchnia.tv
14%
CANAL+ Gol
11%
CANAL+ Weekend
11%
MiniMax
11%
ZigZap
11%
CANAL+ NOW 4K
8%
Hyper
8%
Hyper+
8%
CYFRA+ Pogoda
6%
Novelas+
6%
Strefa Abonenta
6%

Rozkład punktacji

Percentyl według liczby udzielonych odpowiedzi

Procent ludzi z każdym wynikiem

Twoja historia wyników

Nie rozwiązałeś tego quizu od ostatniego zresetowania